[Event "WYCC U18 Girls 2019"]
[Site "Mumbai"]
[Date "2019.10.03"]
[Round "3.6"]
[White "Urh, Zala"]
[Black "Munkhzul, Turmunkh"]
[Result "0-1"]
[WhiteElo "2105"]
[BlackElo "2332"]
[Annotator "TA"]
[PlyCount "114"]
[EventDate "2019.10.02"]
[EventType "swiss"]
[EventCountry "IND"]
[SourceTitle "playchess.com"]
[Source "ChessBase"]
[SourceQuality "1"]

{[%evp 14,120,62,64,63,55,55,56,60,63,58,50,66,57,65,57,64,64,72,72,72,72,107,67,95,-7,39,-67,-58,-66,-66,-85,-90,-85,-92,-70,-36,-36,-29,-6,-10,-30,0,0,13,9,22,16,22,22,23,7,22,9,22,22,126,85,101,0,109,0,117,0,31,14,14,14,14,2,14,0,0,0,0,0,0,0,0,0,0,0,0,-8,-9,-31,-31,-214,-214,-200,-101,-517,-517,-513,-506,-484,-484,-527,-527,-514,-508,-490,-479,-443,-412,-583,-572,-513,-373]} 1. d4 Nf6 2. c4 g6 3. Nc3 Bg7 4. e4 d6 5. Be2 O-O 6. Be3 e5 7. d5 a5 8. g4 Nbd7 {E73: King's Indian: Averbakh Variation without 6...c5} 9. h4 Nc5 10. f3 h5 {White is slightly better.} 11. g5 Nfd7 (11... Nh7 12. Kd2 Bd7 13. Nh3 c6 14. Nf2 cxd5 15. exd5 f5 16. gxf6 Nxf6 17. Bxc5 dxc5 {0-1 (37) Vallejo Pons,F (2705)-Radjabov,T (2741) Palma de Mallorca 2017}) 12. Qd2 Nb6 13. O-O-O Bd7 14. Nh3 a4 15. Nb5 $146 ({Predecessor:} 15. Nf2 Nc8 16. Kb1 {1-0 (56) Halvax,G (2424)-Schiestl,J (2118) Austria 2019}) 15... Qc8 16. Nf2 Rd8 17. Kb1 Bf8 18. Qc3 Bg7 19. Nd3 (19. Qb4 $16) 19... Bxb5 (19... Nxd5 $5 20. cxd5 (20. exd5 e4 $11) 20... Bxb5 $11) 20. cxb5 ({White should play} 20. Nxc5 $14 Nxc4 21. Bxc4 Bxc4 22. Qxc4 dxc5 23. Bxc5 (23. Qxc5 a3 $11)) 20... Nxd5 $1 $15 21. exd5 e4 22. Bd4 Bxd4 23. Qxd4 exd3 ({Of course not} 23... Nxd3 $6 24. fxe4 Ne5 25. a3 $11) 24. Bxd3 a3 {...axb2 is the strong threat.} 25. Bc2 $1 axb2 26. f4 $1 Qg4 27. f5 $1 Qxd4 (27... gxf5 {seems wilder.} 28. Rhf1 Ne4 29. g6 f6 30. Bxe4 Qxe4+ 31. Qxe4 fxe4 32. Rxf6 Ra4) 28. Rxd4 Kg7 29. Rf1 {Hoping for fxg6.} Nd7 30. Kxb2 Ne5 31. a4 b6 32. Kc3 Ng4 33. Kd2 Re8 34. Rf3 Re5 (34... Ne5 $11 35. Rf1 Rec8) 35. Rc3 Ra7 36. Rf3 Ra8 37. Rc3 Ra7 $1 38. Rf3 (38. f6+ $16 Kf8 39. Bd1) 38... Rb7 39. fxg6 fxg6 40. Rc3 Re7 41. Re4 Ne5 42. Rf4 Rb8 43. Rf6 Rf8 44. Rxf8 Kxf8 $11 {[%mdl 4096] Endgame KRB-KRN} 45. Be4 Rf7 46. Ke3 Ke8 47. Rc1 Kd8 48. Ra1 Ng4+ 49. Kd3 Kc8 {Threatens to win with ...Rf4.} 50. Re1 $2 {[#]} ({White should try} 50. Kc3 $15) 50... Rf4 $1 $19 51. Kd4 {[#]} Kd8 (51... Kd7 $1 $19 52. Rh1 Nf2) 52. Ra1 $2 {[%mdl 8192]} (52. Re2 $17) 52... Nf2 $1 {[%csl LRe4,LRh4][%mdl 64] Discovered Attack} 53. Ke3 Rxe4+ 54. Kxf2 Rxh4 {KR-KR} 55. a5 bxa5 56. Rxa5 Rf4+ 57. Ke3 Rg4 {Played: Rf4-f5} 0-1

[Event "WYCC U18 Girls 2019"]
[Site "Mumbai"]
[Date "2019.10.03"]
[Round "3.7"]
[White "Schulze, Lara"]
[Black "Makhija, Aashna"]
[Result "1/2-1/2"]
[WhiteElo "2327"]
[BlackElo "2084"]
[Annotator "TA"]
[PlyCount "61"]
[EventDate "2019.10.02"]
[EventType "swiss"]
[EventCountry "IND"]
[SourceTitle "playchess.com"]
[Source "ChessBase"]
[SourceQuality "1"]

{[%evp 11,61,9,10,10,12,16,26,18,21,-9,-13,-17,-10,-17,-16,-33,-31,-50,-25,-26,-38,-32,0,-46,-54,-39,-43,-60,-60,-52,-46,-61,-54,-66,-41,-83,-60,-70,-81,-73,-79,-100,-33,-84,-8,-16,-9,-25,3,1,13,0]} 1. e4 e6 2. d4 d5 3. Nd2 Be7 ({Predecessor:} 3... c5 4. Ngf3 Nf6 5. e5 Nfd7 6. c3 Be7 {0-1 (69) Durarbayli,V (2630)-Markowski,T (2574) Warsaw 2015}) 4. Ngf3 Nf6 5. Bd3 c5 6. e5 Nfd7 7. c3 {C03: French Tarrasch: Unusual Black 3rd moves} b6 8. Qe2 $146 (8. O-O Ba6 9. Bxa6 Nxa6 10. Qe2 Nab8 11. c4 dxc4 12. Nxc4 O-O 13. Qe4 Na6 {½-½ (45) Movsesian,S (2629)-Caruana,F (2828) chess.com INT 2019}) 8... a5 9. O-O {White has an edge.} Ba6 10. c4 (10. Bxa6 {seems wilder.} Nxa6 11. Nb1 O-O 12. a4 Ndb8 13. Na3) 10... Nc6 11. cxd5 Bxd3 12. Qxd3 exd5 13. dxc5 Nxc5 14. Qf5 Qc8 (14... Qd7 {looks sharper.} 15. Qxd7+ Nxd7 16. Re1 Nc5 17. Nf1 d4) 15. Qxc8+ Rxc8 16. Rd1 Ne6 17. Nf1 {[%cal Bd2f1,Bf1g3,Bg3f5][%mdl 32]} d4 $36 {[%mdl 2048] Black is pushing.} 18. Ng3 O-O 19. Nf5 Bc5 20. Bd2 Rfd8 21. Rac1 Rd5 22. Re1 Re8 (22... Bf8 {is interesting.} 23. Kf1 Rc7 24. b3 Ba3 25. Rcd1 Bc5) 23. Nd6 Bxd6 24. Rxc6 Bc5 25. Kf1 h6 26. Nh4 d3 (26... Kf8 $17 {aiming for ...Ke7.} 27. Nf5 Red8) 27. Nf5 ({Better is} 27. Nf3 $15) 27... Nd4 (27... Rb8 $17) 28. Nxd4 $11 Bxd4 29. f4 $1 Bxb2 30. Rxb6 Ba3 31. Ra6 {Accuracy: White = 51%, Black = 42%.} 1/2-1/2

[Event "WYCC U18 Girls 2019"]
[Site "Mumbai"]
[Date "2019.10.03"]
[Round "3.8"]
[White "Gomez Barrera, Javiera Belen"]
[Black "Vantika Agrawal"]
[Result "0-1"]
[WhiteElo "2033"]
[BlackElo "2283"]
[Annotator "NA"]
[PlyCount "127"]
[EventDate "2019.10.02"]
[EventType "swiss"]
[EventCountry "IND"]
[SourceTitle "playchess.com"]
[Source "ChessBase"]
[SourceQuality "1"]
[TimeControl "40/5400+30:1800+30"]

1. e4 {[%emt 0:00:00]} c5 {[%emt 0:03:31]} 2. Nf3 {[%emt 0:00:00]} d6 {[%emt 0:01:06]} 3. d4 {[%emt 0:00:00]} cxd4 {[%emt 0:00:21]} 4. Nxd4 {[%emt 0:00:02]} Nf6 {[%emt 0:00:09]} 5. Nc3 {[%emt 0:00:36]} a6 {[%emt 0:00:10]} 6. Be3 {[%emt 0:07:42]} e5 {[%emt 0:01:10]} 7. Nb3 {[%emt 0:00:14]} Be6 {[%emt 0:00:37]} 8. Be2 {[%emt 0:02:25]} Nbd7 {[%emt 0:05:36]} 9. O-O {[%emt 0:10:14]} Be7 {[%emt 0:08:31]} 10. f4 {[%emt 0:05:41]} exf4 {[%emt 0:04:55]} 11. Rxf4 {[%emt 0:03:58]} O-O {[%emt 0:05:26]} 12. Nd4 {[%emt 0:05:13]} Ne5 {[%emt 0:00:48]} 13. Nf5 {[%emt 0:01:45]} Re8 {[%emt 0:14:34]} 14. Qe1 {[%emt 0:17:06]} Bxf5 {[%emt 0:14:51]} 15. Rxf5 {[%emt 0:03:53]} Qd7 {[%emt 0:05:56]} 16. Qf1 {[%emt 0:21:30]} Rac8 {[%emt 0:04:27]} 17. Rd1 {[%emt 0:05:24]} Qe6 {[%emt 0:03:25]} 18. Bd4 {[%emt 0:07:40]} g6 {[%emt 0:07:40]} 19. Rf4 {[%emt 0:00:59]} Nfd7 {[%emt 0:01:27]} 20. h4 {[%emt 0:03:20]} h5 {[%emt 0:08:09]} 21. a3 {[%emt 0:01:37]} Bf8 {[%emt 0:02:28]} 22. Nd5 {[%emt 0:01:08]} Rxc2 {[%emt 0:02:18]} 23. Bc3 {[%emt 0:00:28]} Rc8 {[%emt 0:01:35]} 24. Bd3 {[%emt 0:00:31]} R2xc3 {[%emt 0:01:08]} 25. bxc3 {[%emt 0:00:29]} Bh6 {[%emt 0:00:50]} 26. Rf2 {[%emt 0:00:32]} Ng4 {[%emt 0:01:14]} 27. Rf3 {[%emt 0:00:28]} Nde5 {[%emt 0:00:16]} 28. Rg3 {[%emt 0:00:30]} b5 {[%emt 0:00:48]} 29. Be2 {[%emt 0:00:32]} Bg7 {[%emt 0:00:31]} 30. Qf4 {[%emt 0:00:30]} Bh6 {[%emt 0:00:31]} 31. Qf1 {[%emt 0:00:04]} Kg7 {[%emt 0:00:29]} 32. Nf4 {[%emt 0:00:56]} Qf6 {[%emt 0:00:30]} 33. Nd5 {[%emt 0:00:31]} Qxh4 {[%emt 0:00:20]} 34. Rh3 {[%emt 0:00:12]} Qd8 {[%emt 0:00:37]} 35. Bxg4 {[%emt 0:00:45]} hxg4 {[%emt 0:00:31]} 36. Rh1 {[%emt 0:00:34]} Qg5 {[%emt 0:00:32]} 37. Qe2 {[%emt 0:00:29]} Nf3+ {[%emt 0:00:30]} 38. Kf1 {[%emt 0:00:28]} Ne5 {[%emt 0:00:29]} 39. Kg1 {[%emt 0:00:32]} Nf3+ {[%emt 0:00:29]} 40. Kf1 {[%emt 0:00:16]} Nd2+ {[%emt 0:00:30]} 41. Ke1 {[%emt 0:09:33]} Nc4 {[%emt 0:02:18]} 42. Qf2 {[%emt 0:02:27]} Re8 {[%emt 0:13:10]} 43. Qf6+ {[%emt 0:11:23]} Qxf6 {[%emt 0:01:17]} 44. Nxf6 {[%emt 0:00:02]} Kxf6 {[%emt 0:01:03]} 45. Rxh6 {[%emt 0:00:02]} Rxe4+ {[%emt 0:00:36]} 46. Kf2 {[%emt 0:00:01]} Re3 {[%emt 0:01:23]} 47. Rc1 {[%emt 0:01:13]} g3+ {[%emt 0:00:13]} 48. Kg1 {[%emt 0:00:14]} Nxa3 {[%emt 0:01:20]} 49. Rh4 {[%emt 0:00:59]} Kg5 {[%emt 0:05:56]} 50. Rh7 {[%emt 0:00:50]} Re7 {[%emt 0:01:16]} 51. Rf1 {[%emt 0:00:41]} Re3 {[%emt 0:02:22]} 52. Rf3 {[%emt 0:02:08]} Rxf3 {[%emt 0:02:28]} 53. gxf3 {[%emt 0:00:02]} f5 {[%emt 0:00:27]} 54. Kg2 {[%emt 0:01:30]} f4 {[%emt 0:00:43]} 55. Ra7 {[%emt 0:00:18]} Nc2 {[%emt 0:01:35]} 56. Rxa6 {[%emt 0:01:04]} Ne1+ {[%emt 0:00:24]} 57. Kh3 {[%emt 0:00:26]} Nxf3 {[%emt 0:00:23]} 58. Rxd6 {[%emt 0:00:02]} Kh5 {[%emt 0:01:23]} 59. Rb6 {[%emt 0:03:34]} Ng5+ {[%emt 0:00:52]} 60. Kg2 {[%emt 0:00:02]} Kh4 {[%emt 0:00:44]} 61. Rxg6 {[%emt 0:00:15]} f3+ {[%emt 0:00:04]} 62. Kf1 {[%emt 0:02:03]} Nh3 {[%emt 0:00:25]} 63. Rh6+ {[%emt 0:01:16]} Kg4 {[%emt 0:00:04]} 64. Rf6 {[%emt 0:02:07]} 0-1

[Event "WYCC U18 Girls 2019"]
[Site "Mumbai"]
[Date "2019.10.03"]
[Round "3.9"]
[White "Harshini A"]
[Black "Kostava, Elene"]
[Result "1-0"]
[WhiteElo "2230"]
[BlackElo "1833"]
[Annotator "NA"]
[PlyCount "98"]
[EventDate "2019.10.02"]
[EventType "swiss"]
[EventCountry "IND"]
[SourceTitle "playchess.com"]
[Source "ChessBase"]
[SourceQuality "1"]
[TimeControl "40/5400+30:1800+30"]

1. e4 c5 2. Nf3 Nc6 3. d4 cxd4 4. Nxd4 Nf6 5. Nc3 d6 6. Be2 e6 7. O-O Be7 8. Be3 O-O 9. Kh1 Bd7 10. Ndb5 Qb8 11. a4 a6 12. Na3 Qc7 13. Nc4 Ne5 14. Nb6 Rab8 15. f4 Ng6 16. Nxd7 Nxd7 17. a5 Bf6 18. Na4 Rfd8 19. c3 Ne7 20. Nb6 Nc5 21. Qc2 g6 22. Rad1 d5 23. exd5 Nxd5 24. Nxd5 Rxd5 25. Rxd5 exd5 26. f5 Be5 27. Bf3 Ne4 28. Bxe4 dxe4 29. Qxe4 Bxh2 30. Qh4 Bg3 31. Qh6 Qc4 32. Rf4 Qe2 33. f6 Qd1+ 34. Bg1 Qh5+ 35. Qxh5 gxh5 36. Rf5 Kh8 37. Rxh5 Re8 38. Rh3 Be5 39. Bd4 Bxd4 40. cxd4 Re6 41. Rb3 Rxf6 42. Rxb7 Rf5 43. b4 Rd5 44. Rxf7 Rb5 45. d5 Rxd5 46. Rb7 h5 47. b5 axb5 48. a6 Rd8 49. a7 Rc8 1-0

[Event "WYCC U18 Girls 2019"]
[Site "Mumbai"]
[Date "2019.10.03"]
[Round "3.10"]
[White "Priyanka, Kumari"]
[Black "Hng, Mei-En Emmanuelle"]
[Result "1/2-1/2"]
[WhiteElo "1921"]
[BlackElo "2002"]
[Annotator "NA"]
[PlyCount "142"]
[EventDate "2019.10.02"]
[EventType "swiss"]
[EventCountry "IND"]
[SourceTitle "playchess.com"]
[Source "ChessBase"]
[SourceQuality "1"]
[TimeControl "40/5400+30:1800+30"]

1. e4 {[%emt 0:00:09]} c5 {[%emt 0:00:00]} 2. Nf3 {[%emt 0:00:09]} e6 {[%emt 0:00:00]} 3. d4 {[%emt 0:00:57]} cxd4 {[%emt 0:00:11]} 4. Nxd4 {[%emt 0:00:23]} a6 {[%emt 0:00:14]} 5. Bd3 {[%emt 0:00:28]} Bc5 {[%emt 0:00:28]} 6. Nb3 {[%emt 0:00:14]} Ba7 {[%emt 0:00:24]} 7. Qe2 {[%emt 0:01:13]} d6 {[%emt 0:03:04]} 8. Be3 {[%emt 0:02:46]} Nf6 {[%emt 0:03:29]} 9. O-O {[%emt 0:05:52]} Bxe3 {[%emt 0:05:32]} 10. Qxe3 {[%emt 0:00:17]} Nc6 {[%emt 0:00:16]} 11. c4 {[%emt 0:10:44]} Bd7 {[%emt 0:08:50]} 12. Nc3 {[%emt 0:08:15]} O-O {[%emt 0:13:03]} 13. Rad1 {[%emt 0:04:13]} Qc7 {[%emt 0:07:05]} 14. f4 {[%emt 0:08:22]} Nb4 {[%emt 0:24:21]} 15. Be2 {[%emt 0:03:41]} e5 {[%emt 0:11:37]} 16. fxe5 {[%emt 0:24:09]} dxe5 {[%emt 0:04:23]} 17. Rxf6 {[%emt 0:04:13]} gxf6 {[%emt 0:00:33]} 18. a3 {[%emt 0:00:24]} Nc2 {[%emt 0:02:39]} 19. Qg3+ {[%emt 0:01:28]} Kh8 {[%emt 0:00:51]} 20. Nd5 {[%emt 0:01:39]} Qc6 {[%emt 0:01:05]} 21. Qf2 {[%emt 0:03:10]} f5 {[%emt 0:01:15]} 22. Bf1 {[%emt 0:07:46]} Nd4 {[%emt 0:04:58]} 23. Nxd4 {[%emt 0:00:22]} exd4 {[%emt 0:00:01]} 24. Qxd4+ {[%emt 0:00:21]} f6 {[%emt 0:00:05]} 25. Ne7 {[%emt 0:02:15]} Qxe4 {[%emt 0:02:34]} 26. Qxe4 {[%emt 0:02:56]} fxe4 {[%emt 0:00:01]} 27. Rxd7 {[%emt 0:00:10]} Rad8 {[%emt 0:03:04]} 28. Rxd8 {[%emt 0:03:42]} Rxd8 {[%emt 0:00:01]} 29. Nd5 {[%emt 0:00:13]} Kg7 {[%emt 0:01:30]} 30. Kf2 {[%emt 0:00:23]} b5 {[%emt 0:00:54]} 31. Ke3 {[%emt 0:00:51]} Kf7 {[%emt 0:01:25]} 32. cxb5 {[%emt 0:01:03]} axb5 {[%emt 0:00:01]} 33. Bxb5 {[%emt 0:00:14]} Ke6 {[%emt 0:00:23]} 34. Nc3 {[%emt 0:02:12]} f5 {[%emt 0:00:39]} 35. g4 {[%emt 0:01:11]} fxg4 {[%emt 0:00:46]} 36. Nxe4 {[%emt 0:00:17]} Rf8 {[%emt 0:00:42]} 37. Be2 {[%emt 0:00:44]} h5 {[%emt 0:00:19]} 38. Ng3 {[%emt 0:00:48]} h4 {[%emt 0:00:49]} 39. Ne4 {[%emt 0:00:35]} Kf5 {[%emt 0:00:33]} 40. Nd6+ {[%emt 0:00:30]} Ke6 41. Ne4 {[%emt 0:03:52]} Kf5 {[%emt 0:04:34]} 42. Bd3 {[%emt 0:06:47]} Ke5 {[%emt 0:05:12]} 43. Nd2 {[%emt 0:02:29]} Rg8 {[%emt 0:05:26]} 44. Be4 {[%emt 0:01:38]} g3 {[%emt 0:01:27]} 45. hxg3 {[%emt 0:00:43]} Rxg3+ {[%emt 0:02:49]} 46. Nf3+ {[%emt 0:00:49]} Kd6 {[%emt 0:00:19]} 47. Kf2 {[%emt 0:03:25]} Kc5 {[%emt 0:07:56]} 48. Bd3 {[%emt 0:02:27]} Rg4 {[%emt 0:01:07]} 49. b4+ {[%emt 0:01:53]} Kd5 {[%emt 0:00:45]} 50. Ke3 {[%emt 0:03:07]} h3 {[%emt 0:01:30]} 51. Bf1 {[%emt 0:04:28]} Rg3 {[%emt 0:02:55]} 52. Kf2 {[%emt 0:02:38]} h2 {[%emt 0:01:22]} 53. Bg2 {[%emt 0:00:18]} Rg7 {[%emt 0:00:17]} 54. Nxh2+ {[%emt 0:01:57]} Kc4 {[%emt 0:00:10]} 55. Bc6 {[%emt 0:00:52]} Ra7 {[%emt 0:00:31]} 56. b5 {[%emt 0:00:33]} Rxa3 {[%emt 0:02:11]} 57. Nf3 {[%emt 0:00:11]} Kc5 {[%emt 0:00:34]} 58. Nd2 {[%emt 0:00:40]} Ra7 {[%emt 0:01:05]} 59. Ke3 {[%emt 0:00:25]} Rc7 {[%emt 0:00:25]} 60. Nb3+ {[%emt 0:00:22]} Kb6 {[%emt 0:00:25]} 61. Nd4 {[%emt 0:00:10]} Rh7 {[%emt 0:00:29]} 62. Kd3 {[%emt 0:00:38]} Kc5 {[%emt 0:00:32]} 63. Ne6+ {[%emt 0:00:50]} Kd6 {[%emt 0:00:44]} 64. Ng5 {[%emt 0:00:35]} Rh4 {[%emt 0:00:36]} 65. Ne4+ {[%emt 0:00:15]} Kc7 {[%emt 0:00:04]} 66. Nc3 {[%emt 0:01:01]} Kb6 {[%emt 0:00:32]} 67. Kc2 {[%emt 0:00:32]} Rc4 {[%emt 0:00:27]} 68. Be8 {[%emt 0:00:30]} Rc8 {[%emt 0:00:08]} 69. Bd7 {[%emt 0:00:25]} Rc7 {[%emt 0:00:08]} 70. Bf5 {[%emt 0:00:35]} Rxc3+ {[%emt 0:00:06]} 71. Kxc3 {[%emt 0:00:03]} Kxb5 {[%emt 0:00:02]} 1/2-1/2

[Event "WYCC U18 Girls 2019"]
[Site "Mumbai"]
[Date "2019.10.03"]
[Round "3.11"]
[White "Afonasieva, Anna"]
[Black "Jyothsna L"]
[Result "1-0"]
[WhiteElo "2312"]
[BlackElo "1995"]
[Annotator "TA"]
[PlyCount "85"]
[EventDate "2019.10.02"]
[EventType "swiss"]
[EventCountry "IND"]
[SourceTitle "playchess.com"]
[Source "ChessBase"]
[SourceQuality "1"]

{[%evp 26,85,0,0,0,-7,41,39,58,-19,-26,-25,-1,-8,0,0,0,-9,0,0,16,21,18,0,0,0,7,0,0,0,0,0,0,0,0,0,0,-95,-100,-120,-122,-107,-68,-28,-2,-6,0,0,0,0,7,13,89,88,135,128,657,129,12816,12815,29994,29995]} 1. d4 d5 2. Nf3 Nf6 3. c4 c6 4. Nc3 e6 5. e3 Nbd7 6. Bd3 dxc4 7. Bxc4 b5 8. Bd3 Bb7 9. O-O a6 10. a4 b4 11. Ne4 c5 12. Nxf6+ Nxf6 13. dxc5 Bxc5 14. Qe2 O-O {D48: Semi-Slav: Meran System: 7...b5 8 Bd3 a6} 15. e4 {[#]} g6 $146 ({Predecessor:} 15... Be7 16. Rd1 Nd7 17. Bc2 Rc8 18. Bf4 Qe8 19. Rac1 b3 20. Bxb3 Nc5 21. Bc2 Nxa4 22. Rd4 Nc5 23. b4 e5 24. Rc4 exf4 25. bxc5 Rxc5 26. Rxc5 Bxc5 27. e5 {½-½ (27) Jakovenko,D (2718)-Feller,S (2657) Aix les Bains 2011}) 16. Bg5 {Strongly threatening e5.} Be7 $1 {White is slightly better.} 17. e5 ({Better is} 17. a5 $14) 17... Nd7 $11 {Hoping for ...Bxf3.} 18. Bxe7 Qxe7 19. Be4 $1 {[%cal Re4b7]} Bxe4 20. Qxe4 a5 21. Rfc1 Nb6 22. Qe3 Nd5 23. Qh6 f6 24. exf6 Qxf6 25. Rc2 Rfc8 26. Rac1 Rxc2 27. Rxc2 b3 $36 {[%mdl 2048] Black is pushing.} 28. Re2 $1 Rc8 29. Ne1 $1 Rc4 {Threatens to win with ...Nf4.} 30. g3 Qf5 31. Qd2 (31. h3 $11) 31... Rxa4 $17 32. Qc1 {[#] next Qc8+ is good for White.} Re4 $1 {[%cal Re4e2]} 33. Rd2 Kg7 34. Nd3 Rd4 35. Nc5 Rxd2 36. Qxd2 {[#]} a4 $1 {[%mdl 512]} 37. Qd4+ (37. Nxa4 Qb1+) 37... Nf6 {Threatening ...a3!} 38. Nxa4 Qa5 (38... e5 $11 {remains equal.} 39. Qe3 h6) 39. Nc5 $16 {[%mdl 64] Double Attack} Qe1+ 40. Kg2 e5 $2 {[%mdl 8192]} (40... g5 $16) 41. Qc4 $2 (41. Ne6+ $18 {and the rest is easy.} Kh8 42. Qd8+ Ng8 43. Qd5) 41... e4 $2 {[%mdl 8192]} (41... g5 $16 42. h3 (42. Nxb3 Ne4 $16) (42. Qxb3 g4 $16) 42... Qa5) 42. Ne6+ $18 Kh6 43. Qc5 {Accuracy: White = 55%, Black = 38%.} 1-0

[Event "WYCC U18 Girls 2019"]
[Site "Mumbai"]
[Date "2019.10.03"]
[Round "3.12"]
[White "Sliwicka, Alicja"]
[Black "Sankova, Stella"]
[Result "1-0"]
[WhiteElo "2307"]
[BlackElo "1926"]
[Annotator "TA"]
[PlyCount "119"]
[EventDate "2019.10.02"]
[EventType "swiss"]
[EventCountry "IND"]
[SourceTitle "playchess.com"]
[Source "ChessBase"]
[SourceQuality "1"]

{[%evp 13,119,11,16,-9,18,25,73,65,66,66,65,48,82,70,83,80,84,77,87,71,78,60,118,116,122,93,95,96,89,55,44,47,100,58,56,20,51,31,107,122,153,161,145,162,145,160,261,100,100,102,101,97,100,95,93,11,135,152,167,121,145,143,145,145,2470,164,164,164,164,161,815,26,189,131,266,259,256,214,214,195,214,214,214,214,214,214,214,214,214,214,180,175,293,155,149,141,752,752,752,585,546,546,4066,2301,1461,1351,5118,6578]} 1. e4 c5 2. Nf3 d6 3. d4 cxd4 4. Nxd4 Nf6 5. f3 e5 6. Nb3 Be6 7. c4 Nbd7 ({Much weaker is} 7... Nxe4 $6 8. fxe4 Qh4+ 9. Kd2 $16) 8. Be3 {B55: Sicilian: 2...d6 3 d4 cxd4 4 Nxd4 Nf6 5 f3} Rc8 (8... b5 9. Na3 a6 10. cxb5 d5 11. bxa6 dxe4 12. Bb5 Nd5 13. Bc5 Nf4 14. O-O Bxb3 15. Qxd7+ Qxd7 16. Bxf8 Rxf8 17. axb3 Rxa6 18. Bxd7+ Kxd7 {½-½ (27) Vitiugov,N (2721)-Duda,J (2710) Czech Republic 2018}) 9. Nc3 a6 10. Nd5 {White is better.} Be7 11. Be2 O-O 12. O-O Ne8 13. Qd2 b6 14. Rad1 $146 ({Predecessor:} 14. a4 a5 15. Nc1 h6 16. b4 Bg5 17. Bxg5 hxg5 {0-1 (32) Roberts,M (1824)-Rubery,M (2239) Gauteng 2011}) 14... f5 15. exf5 Rxf5 16. f4 Rf7 17. fxe5 dxe5 (17... Rxf1+ $14 18. Bxf1 dxe5) 18. Rxf7 $16 Kxf7 19. Qe1 {Strongly threatening Bxb6.} Bxd5 20. cxd5 a5 21. Qf2+ Kg8 22. Bg4 Nef6 (22... Kh8 $14) 23. Be6+ Kh8 24. Nc1 Bc5 25. Nd3 Bxe3 (25... Bd6 $14) 26. Qxe3 Rc4 27. Nxe5 Nxe5 28. Qxe5 Re4 29. Qf5 Qc7 (29... g6 $16 {might work better.} 30. Qf3 Qe7) 30. Qf2 $2 (30. d6 $1 $18 {[%cal Rd6c7] is the precise move to win.} Qc2 31. Rf1 Qc5+ 32. Qxc5 bxc5 33. d7) 30... Qe5 31. Qg3 $40 {[%mdl 128] Black is in trouble.} g6 32. Qxe5 Rxe5 {[%mdl 4096] Endgame KRB-KRN} 33. Kf2 Kg7 34. Rd3 (34. h4 $16) 34... Kf8 (34... Ne4+ $11 {remains equal.} 35. Ke2 Nc5+ 36. Re3 Kf6) 35. Re3 Ne4+ 36. Ke2 Ke7 37. Bg8 h6 38. Bh7 Nf6 $2 {[%mdl 8192]} (38... Kf6 $16) 39. d6+ $2 (39. Rxe5+ Kd7 40. Bxg6) 39... Kxd6 $18 40. Rxe5 ({But not} 40. Bxg6 Rg5 $16) 40... Kxe5 41. Bxg6 {KB-KN} Ne4 $2 (41... Nd5) 42. b3 $2 (42. Bxe4 $1 $18 Kxe4 43. a4) 42... Nd6 $2 (42... Nc3+ $11 43. Kd3 Nxa2) 43. Ke3 ({White should try} 43. Kf3 $18) 43... b5 (43... Nb5 $16 44. g3 Nd4) 44. g4 b4 45. Bd3 Ne8 46. Be2 Nf6 47. Bf3 $1 Ne8 48. h4 Nc7 49. Bc6 Kd6 50. Bb7 Ke5 51. Kd3 Nb5 52. Bc8 Kd5 (52... Nd6 {was worth a try.} 53. Bd7 Kd5) 53. g5 ({Better is} 53. Ba6 $18 Nd6 54. g5 hxg5 55. hxg5) 53... hxg5 $16 54. hxg5 {Hoping for g6.} Nd6 $2 {[%mdl 8192]} (54... Ke5 $16 55. Ba6 Nd6) 55. Ba6 $1 $18 {White is clearly winning.} Ke5 {[#]} 56. g6 $1 {[%cal Rg6g7] g7 is the strong threat.} Kf6 57. Kd4 Kxg6 58. Kd5 Ne8 {[#]} 59. Kc5 $1 {[%cal Rc5b6]} Nc7 60. Bc4 {Accuracy: White = 57%, Black = 37%.} 1-0

[Event "WYCC U18 Girls 2019"]
[Site "Mumbai"]
[Date "2019.10.03"]
[Round "3.13"]
[White "Zeliantsova, Kseniya"]
[Black "Yan, Tianqi"]
[Result "0-1"]
[WhiteElo "1994"]
[BlackElo "2236"]
[Annotator "NA"]
[PlyCount "66"]
[EventDate "2019.10.02"]
[EventType "swiss"]
[EventCountry "IND"]
[SourceTitle "playchess.com"]
[Source "ChessBase"]
[SourceQuality "1"]
[TimeControl "40/5400+30:1800+30"]

1. e4 {[%emt 0:00:00]} c5 {[%emt 0:00:00]} 2. Nf3 {[%emt 0:00:00]} e6 {[%emt 0:00:00]} 3. d4 {[%emt 0:00:00]} cxd4 {[%emt 0:00:00]} 4. Nxd4 {[%emt 0:00:00]} Nc6 {[%emt 0:00:07]} 5. Nc3 {[%emt 0:00:09]} Qc7 {[%emt 0:00:16]} 6. Be2 {[%emt 0:00:31]} a6 {[%emt 0:00:06]} 7. O-O {[%emt 0:00:15]} Nf6 {[%emt 0:03:41]} 8. Be3 {[%emt 0:01:30]} Bb4 {[%emt 0:00:23]} 9. Na4 {[%emt 0:01:50]} Rb8 {[%emt 0:00:38]} 10. Nxc6 {[%emt 0:02:04]} bxc6 {[%emt 0:00:40]} 11. Bd3 {[%emt 0:04:22]} d5 {[%emt 0:01:46]} 12. exd5 {[%emt 0:02:47]} cxd5 {[%emt 0:00:14]} 13. Bd4 {[%emt 0:10:21]} Bd6 {[%emt 0:06:42]} 14. Bxf6 {[%emt 0:03:39]} Bxh2+ {[%emt 0:03:16]} 15. Kh1 {[%emt 0:00:03]} gxf6 {[%emt 0:00:05]} 16. Qh5 {[%emt 0:00:25]} Be5 {[%emt 0:04:46]} 17. Rfe1 {[%emt 0:02:41]} Rb4 {[%emt 0:07:12]} 18. Nc3 {[%emt 0:04:32]} Rg8 {[%emt 0:00:56]} 19. a3 {[%emt 0:18:34]} Rbg4 {[%emt 0:01:04]} 20. Bf1 {[%emt 0:00:48]} Bxc3 {[%emt 0:02:49]} 21. bxc3 {[%emt 0:00:56]} Qf4 {[%emt 0:00:10]} 22. g3 {[%emt 0:06:13]} Qxf2 {[%emt 0:00:25]} 23. Qh2 {[%emt 0:05:09]} Qxg3 {[%emt 0:02:04]} 24. Qxg3 {[%emt 0:00:47]} Rxg3 {[%emt 0:00:03]} 25. c4 {[%emt 0:01:12]} dxc4 {[%emt 0:01:11]} 26. Kh2 {[%emt 0:01:07]} R3g5 {[%emt 0:01:40]} 27. Re3 {[%emt 0:00:14]} e5 {[%emt 0:00:37]} 28. Rb1 {[%emt 0:00:15]} Rh5+ {[%emt 0:01:49]} 29. Bh3 {[%emt 0:00:05]} Bxh3 {[%emt 0:00:04]} 30. Rxh3 {[%emt 0:00:05]} Rxh3+ 31. Kxh3 {[%emt 0:00:06]} Ke7 {[%emt 0:01:53]} 32. Rb4 {[%emt 0:00:22]} e4 {[%emt 0:01:27]} 33. Rxc4 {[%emt 0:00:06]} f5 {[%emt 0:00:03]} 0-1

[Event "WYCC U18 Girls 2019"]
[Site "Mumbai"]
[Date "2019.10.03"]
[Round "3.14"]
[White "Pandey Srishti"]
[Black "Tanishka Kotia"]
[Result "1/2-1/2"]
[WhiteElo "1963"]
[BlackElo "2090"]
[Annotator "NA"]
[PlyCount "59"]
[EventDate "2019.10.02"]
[EventType "swiss"]
[EventCountry "IND"]
[SourceTitle "playchess.com"]
[Source "ChessBase"]
[SourceQuality "1"]
[TimeControl "40/5400+30:1800+30"]

1. d4 Nf6 2. Nf3 e6 3. g3 b6 4. Bg2 Bb7 5. c4 Bb4+ 6. Bd2 Bxd2+ 7. Qxd2 O-O 8. O-O Ne4 9. Qc2 f5 10. Nfd2 d5 11. Nc3 c6 12. Nf3 Nd7 13. Rad1 Qf6 14. b3 Rac8 15. Qb2 Nxc3 16. Qxc3 Qh6 17. Ne5 Nxe5 18. dxe5 f4 19. Rd3 Rf5 20. h4 Rcf8 21. e4 R5f7 22. exd5 cxd5 23. cxd5 fxg3 24. fxg3 Rxf1+ 25. Bxf1 Bxd5 26. Bg2 Bxg2 27. Kxg2 Qh5 28. Rf3 Rxf3 29. Qxf3 Qxf3+ 30. Kxf3 1/2-1/2